[Event "DSOL 02 Liga Gr-A 1st"]
[Site "Playchess.com INT"]
[Date "2020.07.22"]
[Round "5.2"]
[White "Zeldin, Leonid"]
[Black "Reisch, Stefan"]
[Result "1-0"]
[WhiteElo "2060"]
[BlackElo "2023"]
[PlyCount "77"]
[EventDate "2020.06.22"]
[EventType "team-tourn (rapid)"]
[EventCountry "GER"]
[SourceTitle "EXT 2021"]
[Source "ChessBase"]
[SourceDate "2020.10.23"]
[SourceVersion "1"]
[SourceVersionDate "2020.10.23"]
[SourceQuality "1"]
[WhiteTeam "Dortmund SV"]
[BlackTeam "Langen"]
[WhiteTeamCountry "GER"]
[BlackTeamCountry "GER"]

1. e4 c5 2. c3 Nf6 3. e5 Nd5 4. d4 cxd4 5. cxd4 e6 6. Nf3 d6 7. exd6 Bxd6 8. a3 0-0 9. Bd3 Be7 10. 0-0 b6 11. Nc3 Bb7 12. Be3 Nd7 13. Nxd5 Bxd5 14. Ne5 Qc7 15. Rc1 Qb7 16. Qg4 Bf6 17. f4 Rad8 18. Bb5 Nb8 19. f5 exf5 20. Qxf5 Be4 21. Qg4 Bxe5 22. dxe5 Bg6 23. Rfd1 a6 24. Bc4 Nd7 25. Rd5 Nc5 26. Rcd1 Qc7 27. Bxc5 bxc5 28. Qe2 a5 29. Qe3 h6 30. h3 Rfe8 31. Rxd8 Rxd8 32. Rxd8+ Qxd8 33. Qxc5 Qg5 34. Qd4 Qc1+ 35. Kh2 Qe1 36. b4 axb4 37. axb4 Be4 38. Qd8+ Kh7 39. Bxf7 1-0

[Event "EU-ch Seniors 50 19th"]
[Site "Rhodes"]
[Date "2019.04.14"]
[Round "9"]
[White "Makropoulou, Marina"]
[Black "Reisch, Stefan"]
[Result "1-0"]
[WhiteElo "2160"]
[BlackElo "2146"]
[PlyCount "39"]
[EventDate "2019.04.06"]
[EventType "swiss"]
[EventRounds "9"]
[EventCountry "GRE"]
[SourceTitle "CBM 189 Extra"]
[Source "ChessBase"]
[SourceDate "2019.06.03"]
[SourceVersion "1"]
[SourceVersionDate "2019.06.03"]
[SourceQuality "1"]

1. e4 c5 2. Nf3 d6 3. d4 cxd4 4. Nxd4 Nf6 5. Nc3 e6 6. Be2 a6 7. 0-0 b5 8. Bf3 e5 9. Nb3 Be6 10. Bg5 Nbd7 11. a4 b4 12. Nd5 Bxd5 13. exd5 Be7 14. Re1 0-0 15. a5 Qc7 16. Nd4 Nb8 17. Nf5 Bd8 18. Qd2 Qd7 19. Nxg7 Kxg7 20. Bh6+ 1-0

[Event "EU-ch Seniors 50 19th"]
[Site "Rhodes"]
[Date "2019.04.12"]
[Round "7"]
[White "Druckenthaner, Andreas"]
[Black "Reisch, Stefan"]
[Result "0-1"]
[WhiteElo "2304"]
[BlackElo "2146"]
[PlyCount "80"]
[EventDate "2019.04.06"]
[EventType "swiss"]
[EventRounds "9"]
[EventCountry "GRE"]
[SourceTitle "CBM 189 Extra"]
[Source "ChessBase"]
[SourceDate "2019.06.03"]
[SourceVersion "1"]
[SourceVersionDate "2019.06.03"]
[SourceQuality "1"]

1. e4 c5 2. Nf3 d6 3. d4 cxd4 4. Nxd4 Nf6 5. Nc3 a6 6. a4 e5 7. Nf3 Be6 8. Ng5 Be7 9. Nxe6 fxe6 10. g3 0-0 11. Bg2 Nc6 12. 0-0 Re8 13. Be3 Qa5 14. g4 g6 15. Bh3 Bf8 16. Qd2 Qb4 17. f3 Rac8 18. Ne2 Qxd2 19. Bxd2 d5 20. g5 Nh5 21. exd5 Rcd8 22. Ng3 Nxg3 23. hxg3 exd5 24. c3 e4 25. Bf4 e3 26. Rfe1 e2 27. Bc7 Bc5+ 28. Kg2 d4 29. cxd4 Rxd4 30. f4 Bb4 31. Be5 Bxe1 32. Rxe1 Nxe5 33. Rxe2 Rxa4 34. fxe5 Ra5 35. e6 Re7 36. Bg4 Rxg5 37. Bf3 Rb5 38. Bg4 h5 39. Bh3 g5 40. Kf2 Kg7 0-1

[Event "EU-ch Seniors 50 19th"]
[Site "Rhodes"]
[Date "2019.04.09"]
[Round "4"]
[White "Reisch, Stefan"]
[Black "Welling, Gerard J"]
[Result "1/2-1/2"]
[WhiteElo "2146"]
[BlackElo "2310"]
[PlyCount "63"]
[EventDate "2019.04.06"]
[EventType "swiss"]
[EventRounds "9"]
[EventCountry "GRE"]
[SourceTitle "CBM 189 Extra"]
[Source "ChessBase"]
[SourceDate "2019.06.03"]
[SourceVersion "1"]
[SourceVersionDate "2019.06.03"]
[SourceQuality "1"]

1. e4 g6 2. d4 Bg7 3. Nc3 c5 4. Nf3 Qa5 5. Be2 Nc6 6. d5 Nd4 7. 0-0 Nxf3+ 8. Bxf3 d6 9. a4 Nf6 10. Bd2 0-0 11. Nb5 Qd8 12. c4 e6 13. Bf4 e5 14. Bg5 h6 15. Bxf6 Bxf6 16. Bg4 a6 17. Nc3 Bg5 18. Bxc8 Rxc8 19. Qe2 Rc7 20. Rad1 f5 21. f3 h5 22. Qd3 Rcf7 23. Qe2 h4 24. h3 Bf4 25. Rd3 Qg5 26. Qe1 Kg7 27. b3 Bg3 28. Qc1 Bf4 29. Qe1 Rh8 30. Qf2 Qd8 31. Ra1 Qg5 32. Qe1 1/2-1/2

[Event "EU-ch Seniors 50 19th"]
[Site "Rhodes"]
[Date "2019.04.06"]
[Round "1"]
[White "Winter, Kevin"]
[Black "Reisch, Stefan"]
[Result "1/2-1/2"]
[WhiteElo "1748"]
[BlackElo "2146"]
[PlyCount "77"]
[EventDate "2019.04.06"]
[EventType "swiss"]
[EventRounds "9"]
[EventCountry "GRE"]
[SourceTitle "CBM 189 Extra"]
[Source "ChessBase"]
[SourceDate "2019.06.03"]
[SourceVersion "1"]
[SourceVersionDate "2019.06.03"]
[SourceQuality "1"]

1. e4 c5 2. Nc3 e6 3. f4 Nf6 4. Nf3 Nc6 5. Bb5 Nd4 6. Be2 d6 7. d3 Be7 8. 0-0 0-0 9. a4 a6 10. a5 Nc6 11. Qe1 Nxa5 12. e5 Ne8 13. Qg3 Nc6 14. Ne4 f5 15. Ned2 d5 16. h4 Nc7 17. Ng5 b5 18. Ndf3 h6 19. Nh3 Nd4 20. Nxd4 cxd4 21. h5 b4 22. Qf3 Bd7 23. g4 Be8 24. g5 Kh7 25. Bd2 Nb5 26. Rf2 Qc7 27. Bd1 a5 28. Rg2 Ra7 29. Qg3 Bd8 30. Rc1 Qe7 31. Kh2 a4 32. Qe1 Ba5 33. Ra1 a3 34. bxa3 Nxa3 35. Rxa3 bxa3 36. Bxa5 a2 37. Bb4 Qxb4 38. Qxb4 a1Q 39. Qxf8 1/2-1/2

[Event "Hessenliga 1314"]
[Site "Germany"]
[Date "2014.02.02"]
[Round "6.7"]
[White "Rosa, Mike"]
[Black "Reisch, Stefan"]
[Result "1-0"]
[WhiteElo "2080"]
[BlackElo "2187"]
[PlyCount "37"]
[EventDate "2013.09.29"]
[EventType "team-tourn"]
[EventRounds "9"]
[EventCountry "GER"]
[SourceTitle "EXT 2015"]
[Source "ChessBase"]
[SourceDate "2014.11.20"]
[SourceVersion "1"]
[SourceVersionDate "2014.11.20"]
[SourceQuality "1"]
[WhiteTeam "Nied"]
[BlackTeam "Langen"]
[WhiteTeamCountry "GER"]
[BlackTeamCountry "GER"]

1. e4 b6 2. Nf3 Bb7 3. Bc4 e6 4. Qe2 Nf6 5. e5 Nd5 6. d4 c5 7. 0-0 cxd4 8. Nxd4 Bc5 9. Nb3 Be7 10. Qg4 Kf8 11. Bxd5 Bxd5 12. Nc3 Bxb3 13. axb3 d5 14. exd6 Qxd6 15. Bf4 Qc6 16. Bxb8 Rxb8 17. Rxa7 Bf6 18. Qb4+ Kg8 19. Rd1 1-0

[Event "Oberliga Ost-B 0809"]
[Site "Germany"]
[Date "2009.03.15"]
[Round "9.5"]
[White "Henrich, Thomas"]
[Black "Reisch, Stefan"]
[Result "1-0"]
[WhiteElo "2209"]
[BlackElo "2198"]
[PlyCount "29"]
[EventDate "2008.10.26"]
[EventType "team-tourn"]
[EventRounds "11"]
[EventCountry "GER"]
[SourceTitle "EXT 2010"]
[Source "ChessBase"]
[SourceDate "2010.11.25"]
[SourceVersion "1"]
[SourceVersionDate "2010.11.25"]
[SourceQuality "1"]
[WhiteTeam "Giessen"]
[BlackTeam "Offenbach"]
[WhiteTeamCountry "GER"]
[BlackTeamCountry "GER"]

1. e4 c5 2. Nf3 d6 3. d4 cxd4 4. Nxd4 Nf6 5. Nc3 a6 6. Bg5 e6 7. Qd3 Nbd7 8. 0-0-0 Qa5 9. f4 b5 10. Qe3 Bb7 11. Bd3 Rc8 12. Nb3 Qc7 13. Rhe1 Be7 14. Kb1 0-0 15. e5 1-0

[Event "Oberliga Ost-B 0809"]
[Site "Germany"]
[Date "2009.01.18"]
[Round "5.5"]
[White "Reisch, Stefan"]
[Black "Rudnizki, Sergej"]
[Result "1/2-1/2"]
[WhiteElo "2198"]
[BlackElo "2157"]
[PlyCount "59"]
[EventDate "2008.10.26"]
[EventType "team-tourn"]
[EventRounds "11"]
[EventCountry "GER"]
[SourceTitle "EXT 2010"]
[Source "ChessBase"]
[SourceDate "2010.11.25"]
[SourceVersion "1"]
[SourceVersionDate "2010.11.25"]
[SourceQuality "1"]
[WhiteTeam "Offenbach"]
[BlackTeam "Erfurt Empor"]
[WhiteTeamCountry "GER"]
[BlackTeamCountry "GER"]

1. e4 e5 2. Nf3 Nc6 3. Bb5 a6 4. Ba4 Nf6 5. 0-0 Be7 6. Re1 b5 7. Bb3 d6 8. c3 0-0 9. h3 Na5 10. Bc2 c5 11. d3 Re8 12. Nbd2 Bf8 13. Nf1 g6 14. Bg5 h6 15. Be3 Bb7 16. Qe2 Nh5 17. Qd2 Kh7 18. Ng3 Nxg3 19. fxg3 d5 20. Qf2 dxe4 21. dxe4 Qc7 22. Rad1 Nc4 23. Bc1 Bc8 24. Bb3 Be6 25. Nd2 Rad8 26. Nxc4 bxc4 27. Ba4 Rxd1 28. Rxd1 Rd8 29. Rxd8 Qxd8 30. g4 1/2-1/2

[Event "Oberliga Ost-B 0708"]
[Site "Germany"]
[Date "2008.04.19"]
[Round "10.5"]
[White "Emmerich, Dirk"]
[Black "Reisch, Stefan"]
[Result "0-1"]
[WhiteElo "2227"]
[BlackElo "2192"]
[PlyCount "183"]
[EventDate "2007.10.07"]
[EventType "team-tourn"]
[EventRounds "11"]
[EventCountry "GER"]
[SourceTitle "EXT 2009"]
[Source "ChessBase"]
[SourceDate "2008.11.26"]
[SourceVersion "1"]
[SourceVersionDate "2008.11.26"]
[SourceQuality "1"]
[WhiteTeam "Dotzheim"]
[BlackTeam "Offenbach"]
[WhiteTeamCountry "GER"]
[BlackTeamCountry "GER"]

1. e4 c5 2. Nc3 e6 3. Nf3 a6 4. d4 cxd4 5. Nxd4 d6 6. Be2 Nf6 7. 0-0 Be7 8. Kh1 b5 9. a3 Bb7 10. Bd3 Qc7 11. Qe1 Nc6 12. Nb3 0-0 13. f4 b4 14. Ne2 a5 15. Qg3 a4 16. Nd2 e5 17. Nf3 exf4 18. Nxf4 Ne5 19. axb4 Nxe4 20. Qe1 Nxd3 21. cxd3 Nf6 22. Bd2 Rfe8 23. Qg3 Bf8 24. Bc3 Qd8 25. Nd4 Re5 26. Nf3 Nh5 27. Nxh5 Rxh5 28. Rae1 a3 29. b3 Rc8 30. Ba1 h6 31. Qg4 Rb5 32. Qf4 Rc2 33. Rc1 Rxc1 34. Qxc1 Rxb4 35. Qxa3 Qb6 36. Qa2 Qc6 37. Nd4 Qd5 38. Qf2 Rb6 39. Kg1 Ra6 40. Bc3 Ra8 41. Nf5 Re8 42. b4 Re6 43. Ng3 Re7 44. Qd2 Re3 45. Rf5 Qxd3 46. Qxd3 Rxd3 47. Ne2 d5 48. Rf4 Rd1+ 49. Rf1 Rd3 50. Rf4 Rd1+ 51. Rf1 Rxf1+ 52. Kxf1 Bd6 53. g3 g6 54. Kf2 Kf8 55. Ke3 Ke7 56. Kd4 Ke6 57. Bd2 g5 58. b5 f6 59. h3 h5 60. h4 Kf5 61. Ke3 Kg4 62. Be1 gxh4 63. gxh4 Be5 64. Nd4 f5 65. Nf3 Bc7 66. Ke2 f4 67. Bf2 Bd8 68. Ne5+ Kh3 69. Nd3 Bxh4 70. Nxf4+ Kg4 71. Bxh4 Kxh4 72. Kf2 Kg4 73. Ne2 h4 74. Kg2 d4+ 75. Kh2 d3 76. Nc3 Bc8 77. b6 Kf4 78. Kg2 Ke3 79. b7 Bxb7+ 80. Kh3 Kd4 81. Nd1 Bf3 82. Nf2 d2 83. Kxh4 Ke3 84. Kg3 Be4 85. Ng4+ Ke2 86. Kf4 d1Q 87. Kxe4 Qa4+ 88. Kf5 Kf3 89. Ne5+ Ke3 90. Ng4+ Kd4 91. Nf6 Qc6 92. Ng4 0-1

[Event "Oberliga Ost-B 0708"]
[Site "Germany"]
[Date "2007.12.09"]
[Round "5.6"]
[White "Reisch, Stefan"]
[Black "Klings, Peter"]
[Result "1/2-1/2"]
[WhiteElo "2192"]
[BlackElo "2164"]
[PlyCount "54"]
[EventDate "2007.10.07"]
[EventType "team-tourn"]
[EventRounds "11"]
[EventCountry "GER"]
[SourceTitle "EXT 2009"]
[Source "ChessBase"]
[SourceDate "2008.11.26"]
[SourceVersion "1"]
[SourceVersionDate "2008.11.26"]
[SourceQuality "1"]
[WhiteTeam "Offenbach"]
[BlackTeam "Moerlenbach"]
[WhiteTeamCountry "GER"]
[BlackTeamCountry "GER"]

1. e4 c5 2. Nf3 d6 3. d4 cxd4 4. Nxd4 Nf6 5. Nc3 g6 6. Bc4 Bg7 7. Be3 Nc6 8. f3 Bd7 9. Qd2 Rc8 10. Bb3 Ne5 11. Bh6 Kf8 12. 0-0-0 Qa5 13. h4 Nc4 14. Bxc4 Rxc4 15. h5 Nxh5 16. g4 Rxc3 17. Bxg7+ Nxg7 18. Qxc3 Qxc3 19. bxc3 h5 20. Rh2 b6 21. Rdh1 Rg8 22. gxh5 Nxh5 23. Kd2 Kg7 24. Rg1 Nf4 25. Rgh1 Nh5 26. Rg1 Nf4 27. Rgh1 Nh5 1/2-1/2

[Event "Oberliga Ost-B 0607"]
[Site "Germany"]
[Date "2007.04.21"]
[Round "10.5"]
[White "Kirschbaum, Gunnar"]
[Black "Reisch, Stefan"]
[Result "0-1"]
[WhiteElo "2179"]
[BlackElo "2198"]
[PlyCount "82"]
[EventDate "2006.10.15"]
[EventType "team-tourn"]
[EventRounds "11"]
[EventCountry "GER"]
[SourceTitle "EXT 2008"]
[Source "ChessBase"]
[SourceDate "2007.11.25"]
[SourceVersion "1"]
[SourceVersionDate "2007.11.25"]
[SourceQuality "1"]
[WhiteTeam "Erfurt Medizin"]
[BlackTeam "Offenbach"]
[WhiteTeamCountry "GER"]
[BlackTeamCountry "GER"]

1. d4 Nf6 2. c4 d6 3. Nc3 g6 4. e4 Bg7 5. f4 0-0 6. Nf3 c5 7. d5 e6 8. Be2 exd5 9. cxd5 b5 10. e5 dxe5 11. fxe5 Ng4 12. Bf4 Nd7 13. e6 fxe6 14. dxe6 Nb6 15. Qxd8 Rxd8 16. Nxb5 Bxe6 17. Nc7 Bxb2 18. 0-0 Bxa1 19. Nxe6 Re8 20. Nfg5 h6 21. Bxg4 hxg5 22. Nxg5 Bd4+ 23. Kh1 Rf8 24. g3 Rae8 25. a4 Rf6 26. Bf3 Nxa4 27. Kg2 Nc3 28. h4 a5 29. h5 gxh5 30. Bxh5 Re4 31. Nf3 Nd5 32. Nxd4 Nxf4+ 33. gxf4 cxd4 34. f5 d3 35. Bd1 d2 36. Bb3+ Kf8 37. Rd1 Rxf5 38. Rxd2 Rg4+ 39. Kh1 Rh5+ 40. Rh2 Rxh2+ 41. Kxh2 Ke7 0-1

[Event "Oberliga Ost-B 0506"]
[Site "Germany"]
[Date "2006.04.01"]
[Round "10.6"]
[White "Kayser, Felix"]
[Black "Reisch, Stefan"]
[Result "0-1"]
[WhiteElo "2147"]
[BlackElo "2189"]
[PlyCount "56"]
[EventDate "2005.11.13"]
[EventType "team-tourn"]
[EventRounds "11"]
[EventCountry "GER"]
[SourceTitle "EXT 2007"]
[Source "ChessBase"]
[SourceDate "2006.11.23"]
[SourceVersion "1"]
[SourceVersionDate "2006.11.23"]
[SourceQuality "1"]
[WhiteTeam "Wiesbaden"]
[BlackTeam "Offenbach"]
[WhiteTeamCountry "GER"]
[BlackTeamCountry "GER"]

1. e4 c5 2. Nf3 d6 3. d4 cxd4 4. Nxd4 Nf6 5. Nc3 a6 6. f4 e6 7. Be2 Be7 8. 0-0 Qc7 9. Be3 b5 10. Bf3 Bb7 11. Qd3 Nbd7 12. Nb3 0-0 13. a3 Rfd8 14. Qe2 Nc5 15. Nxc5 dxc5 16. Qf2 b4 17. axb4 cxb4 18. Na4 Nxe4 19. Bxe4 Bxe4 20. Bb6 Qxc2 21. Bxd8 Rxd8 22. Rfc1 Qxf2+ 23. Kxf2 g5 24. fxg5 Bxg5 25. Re1 Bc2 26. Nb6 Bf6 27. Nc4 Rc8 28. Nb6 Bd4+ 0-1

[Event "Oberliga Ost-B 0405"]
[Site "Germany"]
[Date "2005.01.16"]
[Round "7.5"]
[White "Emmerich, Dirk"]
[Black "Reisch, Stefan"]
[Result "1-0"]
[WhiteElo "2260"]
[BlackElo "2211"]
[PlyCount "93"]
[EventDate "2004.10.10"]
[EventType "team-tourn"]
[EventRounds "11"]
[EventCountry "GER"]
[SourceTitle "EXT 2006"]
[Source "ChessBase"]
[SourceDate "2005.11.24"]
[SourceVersion "1"]
[SourceVersionDate "2005.11.24"]
[SourceQuality "1"]
[WhiteTeam "Wiesbaden Dotzheim"]
[BlackTeam "Offenbach"]
[WhiteTeamCountry "GER"]
[BlackTeamCountry "GER"]

1. e4 c5 2. Bc4 e6 3. Qe2 a6 4. c3 Nc6 5. f4 d6 6. Nf3 Nf6 7. Bb3 Be7 8. 0-0 b5 9. Kh1 Bb7 10. d3 Qc7 11. Be3 0-0 12. Nbd2 Rfe8 13. Rac1 c4 14. dxc4 bxc4 15. Bc2 Na5 16. Bd4 Bd8 17. e5 Nd5 18. exd6 Qxd6 19. Ne5 Nf6 20. Ndxc4 Nxc4 21. Qxc4 Bd5 22. Qe2 a5 23. Rcd1 Bxa2 24. Nxf7 Kxf7 25. Bxf6 Qxd1 26. Rxd1 Bxf6 27. Qh5+ Ke7 28. Qc5+ Kf7 29. Rd7+ Re7 30. Rxe7+ Bxe7 31. Qh5+ Kf8 32. Qxh7 Rd8 33. h4 Rd2 34. Bg6 Bf6 35. Qh8+ Ke7 36. Qe8+ Kd6 37. Qb8+ Ke7 38. Qc7+ Rd7 39. Qc5+ Rd6 40. g4 Bxh4 41. g5 Bg3 42. Kg2 Be1 43. Qe5 Bd5+ 44. Kh3 Bd2 45. Qxg7+ Kd8 46. Qf8+ Kc7 47. Be8 1-0

[Event "Oberliga Ost-B 0405"]
[Site "Germany"]
[Date "2004.12.12"]
[Round "5.4"]
[White "Grossmann, Herbert"]
[Black "Reisch, Stefan"]
[Result "1/2-1/2"]
[WhiteElo "2209"]
[BlackElo "2211"]
[PlyCount "40"]
[EventDate "2004.10.10"]
[EventType "team-tourn"]
[EventRounds "11"]
[EventCountry "GER"]
[SourceTitle "EXT 2006"]
[Source "ChessBase"]
[SourceDate "2005.11.24"]
[SourceVersion "1"]
[SourceVersionDate "2005.11.24"]
[SourceQuality "1"]
[WhiteTeam "Erfurt Medizin"]
[BlackTeam "Offenbach"]
[WhiteTeamCountry "GER"]
[BlackTeamCountry "GER"]

1. d4 d5 2. c4 c6 3. Nf3 e6 4. Nc3 Be7 5. cxd5 cxd5 6. Bf4 a6 7. e3 Nf6 8. Bd3 Nc6 9. Rc1 0-0 10. Ne5 Bd7 11. Qf3 Qa5 12. 0-0 Rfc8 13. Bg5 Be8 14. Qh3 g6 15. Qh4 Qd8 16. f4 Nd7 17. Nxd7 Qxd7 18. Rf3 f5 19. Rh3 Bxg5 20. Qxg5 Qe7 1/2-1/2

[Event "Oberliga Ost-B 0405"]
[Site "Germany"]
[Date "2004.11.28"]
[Round "4.3"]
[White "Reisch, Stefan"]
[Black "Herges, Udo"]
[Result "1-0"]
[WhiteElo "2211"]
[BlackElo "2170"]
[PlyCount "85"]
[EventDate "2004.10.10"]
[EventType "team-tourn"]
[EventRounds "11"]
[EventCountry "GER"]
[SourceTitle "EXT 2006"]
[Source "ChessBase"]
[SourceDate "2005.11.24"]
[SourceVersion "1"]
[SourceVersionDate "2005.11.24"]
[SourceQuality "1"]
[WhiteTeam "Offenbach"]
[BlackTeam "Frankfurt FTG"]
[WhiteTeamCountry "GER"]
[BlackTeamCountry "GER"]

1. e4 e5 2. Nf3 d6 3. Bc4 c6 4. 0-0 Nf6 5. Re1 Be7 6. d4 Nbd7 7. c3 d5 8. exd5 e4 9. dxc6 bxc6 10. Ng5 0-0 11. Nxe4 Nxe4 12. Rxe4 Nf6 13. Re1 Qc7 14. g3 Bg4 15. Be2 Bf5 16. Bf4 Qd7 17. c4 Rad8 18. Be3 Rfe8 19. Nc3 h5 20. Bf3 Bg4 21. Bf4 Qf5 22. Re5 Qd7 23. Qd3 Bxf3 24. Qxf3 Ng4 25. Rxh5 f5 26. Be5 Nxe5 27. dxe5 g6 28. Rh3 Qe6 29. Qe3 g5 30. Re1 Kg7 31. g4 f4 32. Qf3 Bc5 33. Rh5 Rd3 34. Rxg5+ Kh6 35. Qxd3 Kxg5 36. h3 Rh8 37. Ne4+ Kh6 38. Nxc5 Qe7 39. b4 Kg7 40. Qf5 Rxh3 41. Qf6+ Qxf6 42. exf6+ Kxf6 43. Kg2 1-0

[Event "Oberliga Ost-B 0304"]
[Site "Germany"]
[Date "2003.11.02"]
[Round "1.3"]
[White "Reisch, Stefan"]
[Black "Kandic, Milan"]
[Result "0-1"]
[WhiteElo "2210"]
[BlackElo "2244"]
[PlyCount "56"]
[EventDate "2003.11.02"]
[EventType "team-tourn"]
[EventRounds "11"]
[EventCountry "GER"]
[SourceTitle "EXT 2005"]
[Source "ChessBase"]
[SourceDate "2004.11.15"]
[SourceVersion "1"]
[SourceVersionDate "2004.11.15"]
[SourceQuality "1"]
[WhiteTeam "Offenbach"]
[BlackTeam "Frankfurt FTG"]
[WhiteTeamCountry "GER"]
[BlackTeamCountry "GER"]

1. e4 d6 2. d4 Nf6 3. Nc3 e5 4. dxe5 dxe5 5. Qxd8+ Kxd8 6. Bg5 c6 7. Nf3 Bd6 8. 0-0-0 Kc7 9. Bxf6 gxf6 10. Nh4 Bc5 11. f3 b5 12. Ne2 Be6 13. Kb1 Rg8 14. Ng3 Nd7 15. Ngf5 Nb6 16. g3 Nc4 17. Be2 a5 18. Rhe1 a4 19. Ng2 a3 20. Bxc4 bxc4 21. b3 Bb4 22. Re3 Rad8 23. Rxd8 Rxd8 24. c3 Bc5 25. Re2 cxb3 26. axb3 Bxb3 27. Nfe3 Rd3 28. c4 a2+ 0-1

[Event "Budapest FS05 IM-B"]
[Site "Budapest"]
[Date "2003.05.09"]
[Round "7"]
[White "Reisch, Stefan"]
[Black "Farago, Sandor"]
[Result "1-0"]
[WhiteElo "2181"]
[BlackElo "2342"]
[PlyCount "119"]
[EventDate "2003.05.03"]
[EventType "tourn"]
[EventRounds "13"]
[EventCountry "HUN"]
[EventCategory "1"]
[SourceTitle "CBM 094 Extra"]
[Source "ChessBase"]
[SourceDate "2003.07.09"]
[SourceVersion "2"]
[SourceVersionDate "2003.07.09"]
[SourceQuality "1"]

1. e4 c5 2. Nf3 d6 3. d4 cxd4 4. Nxd4 Nf6 5. Nc3 g6 6. Bc4 Bg7 7. f3 Nc6 8. Be3 0-0 9. Qd2 Bd7 10. 0-0-0 Rc8 11. Bb3 Ne5 12. Kb1 Nc4 13. Bxc4 Rxc4 14. Nde2 Qb8 15. Bh6 Rfc8 16. Bxg7 Kxg7 17. g4 b5 18. e5 Ne8 19. exd6 Nxd6 20. Rc1 Qb7 21. h4 f6 22. h5 g5 23. h6+ Kh8 24. Nd5 Ra4 25. Nxf6 Be6 26. b3 exf6 27. Qxd6 Ra6 28. Qd3 Bc4 29. Qd2 Bf7 30. Rhd1 Kg8 31. Qd7 Qb8 32. Ng3 Rb6 33. Nf5 Rf8 34. Rd2 Rb7 35. Qd6 Qxd6 36. Rxd6 Bg6 37. Rcd1 b4 38. Rd7 Rxd7 39. Rxd7 Bxf5 40. Rg7+ Kh8 41. gxf5 a5 42. Ra7 Rc8 43. Rxa5 Kg8 44. Rb5 Rc3 45. Rxb4 Rxf3 46. Rb8+ Kf7 47. Rh8 Rxf5 48. Rxh7+ Kg6 49. Rh8 Kf7 50. a4 g4 51. h7 Kg7 52. Rg8+ Kxh7 53. Rxg4 Rf1+ 54. Kb2 f5 55. Rg2 f4 56. a5 f3 57. Rg4 f2 58. Rf4 Kg6 59. a6 Kg5 60. Rf8 1-0

[Event "Budapest FS05 IM-B"]
[Site "Budapest"]
[Date "2003.05.05"]
[Round "3"]
[White "Reisch, Stefan"]
[Black "Kaposztas, Miklos"]
[Result "1/2-1/2"]
[WhiteElo "2181"]
[BlackElo "2268"]
[PlyCount "45"]
[EventDate "2003.05.03"]
[EventType "tourn"]
[EventRounds "13"]
[EventCountry "HUN"]
[EventCategory "1"]
[SourceTitle "CBM 094 Extra"]
[Source "ChessBase"]
[SourceDate "2003.07.09"]
[SourceVersion "2"]
[SourceVersionDate "2003.07.09"]
[SourceQuality "1"]

1. e4 c5 2. Nf3 g6 3. d4 Bg7 4. c3 cxd4 5. cxd4 d5 6. e5 Bg4 7. h3 Bxf3 8. Bb5+ Nc6 9. Qxf3 e6 10. 0-0 Nge7 11. Qe2 Qb6 12. Rd1 0-0 13. Be3 Nf5 14. Bxc6 Qxc6 15. Nc3 Rfc8 16. g4 Nxe3 17. Qxe3 Rc7 18. g5 Rac8 19. Rac1 a6 20. Kg2 Qe8 21. Ne2 Bf8 22. Rxc7 Rxc7 23. Rc1 1/2-1/2

[Event "Budapest FS05 IM-B"]
[Site "Budapest"]
[Date "2003.05.04"]
[Round "2"]
[White "Eperjesi, Laszlo"]
[Black "Reisch, Stefan"]
[Result "1-0"]
[WhiteElo "2259"]
[BlackElo "2181"]
[PlyCount "79"]
[EventDate "2003.05.03"]
[EventType "tourn"]
[EventRounds "13"]
[EventCountry "HUN"]
[EventCategory "1"]
[SourceTitle "CBM 094 Extra"]
[Source "ChessBase"]
[SourceDate "2003.07.09"]
[SourceVersion "2"]
[SourceVersionDate "2003.07.09"]
[SourceQuality "1"]

1. d4 d5 2. Nf3 e6 3. c4 c6 4. Nbd2 Nf6 5. e3 Be7 6. Bd3 0-0 7. 0-0 Nbd7 8. e4 dxe4 9. Nxe4 c5 10. Nxc5 Nxc5 11. dxc5 Bxc5 12. Bg5 h6 13. Bh4 Be7 14. Qe2 Qc7 15. Ne5 Re8 16. Rad1 Nd7 17. Bg3 Nxe5 18. Bxe5 Qa5 19. Bb1 Bf6 20. Bxf6 gxf6 21. Rd3 Kf8 22. Rfd1 e5 23. Qh5 Be6 24. Qxh6+ Ke7 25. Rf3 Rad8 26. Qxf6+ Kf8 27. Rf1 Rd4 28. Bg6 Rf4 29. Rxf4 exf4 30. Qxf4 Qxa2 31. Qh6+ Ke7 32. Bd3 Rd8 33. Qh4+ Kd7 34. Bf5 Kc8 35. Bxe6+ fxe6 36. Qe4 Qxb2 37. Qxe6+ Kb8 38. g3 a5 39. Qe4 Qb4 40. Rb1 1-0

[Event "Oberliga Ost-B 0203"]
[Site "Germany"]
[Date "2003.02.23"]
[Round "8.4"]
[White "Lange, Klaus"]
[Black "Reisch, Stefan"]
[Result "0-1"]
[WhiteElo "2203"]
[BlackElo "2181"]
[PlyCount "64"]
[EventDate "2002.10.20"]
[EventType "team"]
[EventRounds "11"]
[EventCountry "GER"]
[SourceTitle "EXT 2004"]
[Source "ChessBase"]
[SourceDate "2003.11.25"]
[SourceVersion "1"]
[SourceVersionDate "2003.11.25"]
[SourceQuality "1"]
[WhiteTeam "Wiesbaden"]
[BlackTeam "Offenbach"]
[WhiteTeamCountry "GER"]
[BlackTeamCountry "GER"]

1. Nf3 g6 2. d4 Bg7 3. g3 Nf6 4. Bg2 0-0 5. 0-0 d5 6. c4 dxc4 7. Ne5 c5 8. dxc5 Qc7 9. Nxc4 Qxc5 10. Nbd2 Nc6 11. b3 Bg4 12. h3 Qh5 13. Nf3 Bxh3 14. Bb2 Rfd8 15. Qe1 Rac8 16. Rd1 Rxd1 17. Qxd1 Rd8 18. Qa1 Bxg2 19. Kxg2 Qd5 20. Ne3 Qe4 21. Rd1 Rxd1 22. Qxd1 h5 23. Kg1 Ng4 24. Nxg4 hxg4 25. Bxg7 Kxg7 26. Nd2 Qd4 27. Qc1 Qe5 28. e3 Qd5 29. Nc4 b5 30. Qc3+ f6 31. Nd2 Ne5 32. a4 Qxd2 0-1

[Event "Oberliga Ost-B 0203"]
[Site "Germany"]
[Date "2003.02.09"]
[Round "7.5"]
[White "Reisch, Stefan"]
[Black "Malek, Daniel"]
[Result "1-0"]
[WhiteElo "2181"]
[BlackElo "2193"]
[PlyCount "85"]
[EventDate "2002.10.20"]
[EventType "team"]
[EventRounds "11"]
[EventCountry "GER"]
[SourceTitle "EXT 2004"]
[Source "ChessBase"]
[SourceDate "2003.11.25"]
[SourceVersion "1"]
[SourceVersionDate "2003.11.25"]
[SourceQuality "1"]
[WhiteTeam "Offenbach"]
[BlackTeam "Oberursel"]
[WhiteTeamCountry "GER"]
[BlackTeamCountry "GER"]

1. e4 e6 2. d4 d5 3. Nd2 Nf6 4. e5 Nfd7 5. f4 c5 6. c3 Nc6 7. Ndf3 cxd4 8. cxd4 Qb6 9. g3 a5 10. Bh3 a4 11. Ne2 a3 12. bxa3 Bxa3 13. Bxa3 Rxa3 14. 0-0 Qa7 15. f5 Ndxe5 16. Nxe5 Nxe5 17. fxe6 Bxe6 18. Bxe6 fxe6 19. Nf4 0-0 20. Kh1 Ng6 21. Nxe6 Rxf1+ 22. Qxf1 Re3 23. Qf5 Qb6 24. Rc1 Qxe6 25. Rc8+ Qxc8 26. Qxc8+ Kf7 27. Qf5+ Ke8 28. Qxd5 Re7 29. Qh5 Kf7 30. Qxh7 Re1+ 31. Kg2 Re2+ 32. Kg1 Rxa2 33. Qh5 Ra6 34. Qd5+ Re6 35. Qxb7+ Ne7 36. Qc7 Rc6 37. Qd7 Kf6 38. d5 Ra6 39. d6 Nc6 40. Qb7 Ra1+ 41. Kg2 Ra2+ 42. Kh3 Rc2 43. Qc8 1-0